| 000 | 00643nam a2200205 a 4500 | ||
|---|---|---|---|
| 005 | 20230214064002.0 | ||
| 008 | 010615s1999 es r 000 0 spa d | ||
| 020 | _a8495212005 | ||
| 035 | _aUPN01000108370 | ||
| 049 | _aCG | ||
| 050 | 4 |
_aRC570.5 E5 _bD5.7 |
|
| 245 | 0 | 0 |
_aDiscapacidad psiquíca formación y empleo / _ced. Pilar Arnaiz Sánchez. |
| 260 |
_aMálaga, Esp. _bAljibe, _c1999. |
||
| 300 |
_a277 p. : _bcuadros |
||
| 440 | 0 | _aEducación especial | |
| 650 | 4 |
_aPERSONAS CON DISCAPACIDAD MENTAL - _xEDUCACION - _zESPAÑA _910904 |
|
| 650 | 2 |
_aCapacitación _96209 |
|
| 700 | 1 |
_aArnáiz Sánchez, Pilar, _eed. _928752 |
|
| 905 | _aLibro | ||
| 999 |
_c82282 _d82282 |
||